Gitanjali (Record no. 99296)
[ view plain ]
| 000 -LEADER | |
|---|---|
| fixed length control field | nam a22 7a 4500 |
| 005 - DATE AND TIME OF LATEST TRANSACTION | |
| control field | 20190813162838.0 |
| 008 - FIXED-LENGTH DATA ELEMENTS--GENERAL INFORMATION | |
| fixed length control field | 190306b ||||| |||| 00| 0 eng d |
| 020 ## - INTERNATIONAL STANDARD BOOK NUMBER | |
| International Standard Book Number | 9780143419563 |
| 080 ## - UNIVERSAL DECIMAL CLASSIFICATION NUMBER | |
| Universal Decimal Classification number | 820-1 |
| Item number | TAG/G |
| 100 ## - MAIN ENTRY--PERSONAL NAME | |
| Personal name | Tagore, Rabindranath |
| 245 ## - TITLE STATEMENT | |
| Title | Gitanjali |
| 260 ## - PUBLICATION, DISTRIBUTION, ETC. (IMPRINT) | |
| Name of publisher, distributor, etc | Penguin |
| Place of publication, distribution, etc | Gurgaon |
| Date of publication, distribution, etc | 2012 |
| 300 ## - PHYSICAL DESCRIPTION | |
| Extent | lxxxvi, 257p. |
| 653 ## - INDEX TERM--UNCONTROLLED | |
| Uncontrolled term | Poetry |
| -- | Philosophy |
| -- | Bengali-English literature |
| -- | Nobel prize |
| 700 ## - ADDED ENTRY--PERSONAL NAME | |
| Personal name | Radice, William;tr.by |
| 942 ## - ADDED ENTRY ELEMENTS (KOHA) | |
| item type | Books |
| Lost status | Source of classification or shelving scheme | Not for loan | Home library | Current library | Date acquired | Total Checkouts | Full call number | Barcode | Date last seen | Date checked out | Price effective from | Koha item type |
|---|---|---|---|---|---|---|---|---|---|---|---|---|
| Universal Decimal Classification | University Library | University Library | 06/03/2019 | 1 | 820-1 TAG/G | 00084945 | 06/11/2025 | 05/10/2025 | 06/03/2019 | Books |
